[Event "Grand Prix Leg #3"]
[Site "Calgary CAN"]
[Date "2019.03.31"]
[Round "2"]
[White "Chen, Helen"]
[Black "Qin, Kevin"]
[Result "1-0"]
[WhiteElo "1368"]
[BlackElo "1718"]
[PlyCount "95"]
[EventDate "2019.03.26"]
[EventType "swiss"]
[EventRounds "5"]
[EventCountry "CAN"]

1. e4 c5 2. Nf3 Nc6 3. d4 cxd4 4. Nxd4 Nf6 5. Nc3 d6 6. Be2 e6 7. Be3 Be7 8.
O-O O-O 9. Qd2 a6 10. Rfd1 Nxd4 11. Bxd4 e5 12. Be3 b5 13. a3 Bb7 14. Bf3 Rc8
15. Bg5 Ne8 16. Bxe7 Qxe7 17. Rac1 Rd8 18. Nd5 Bxd5 19. Qxd5 Nc7 20. Qc6 Ne6
21. c3 Nc7 22. c4 bxc4 23. Rxc4 Ne6 24. Bg4 Nd4 25. Qxa6 Ra8 26. Qb6 Qg5 27.
Bd7 Ne2+ 28. Kf1 Nf4 29. g3 Qh5 30. Rdc1 Qe2+ 31. Kg1 Nd3 32. R4c2 Nxc1 33.
Rxe2 Nxe2+ 34. Kf1 Nd4 35. Qxd6 Rfd8 36. Qc7 Nb3 37. Bc6 Rac8 38. Qe7 Rf8 39.
Bd5 Nd2+ 40. Ke1 Nf3+ 41. Kd1 Rb8 42. b4 Rbc8 43. a4 Rc3 44. b5 Nxh2 45. a5
Rfc8 46. Bc6 Rd3+ 47. Ke2 Rcd8 48. Bd5 1-0

[Event "Grand Prix Leg #3"]
[Site "Calgary CAN"]
[Date "2019.04.02"]
[Round "3"]
[White "Eslahpazir, Roham"]
[Black "Moore, Pat"]
[Result "0-1"]
[WhiteElo "1751"]
[BlackElo "1784"]
[PlyCount "82"]
[EventDate "2019.03.26"]
[EventType "swiss"]
[EventRounds "5"]
[EventCountry "CAN"]

1. d4 Nf6 2. c4 d6 3. Nc3 g6 4. e4 Bg7 5. Nf3 Nbd7 6. Be2 O-O 7. O-O c6 8. b4
b6 9. Qc2 c5 10. bxc5 bxc5 11. d5 Nxe4 12. Qxe4 Bxc3 13. Rb1 Bg7 14. Bb2 Nb6
15. Bxg7 Kxg7 16. Qh4 e5 17. Qg3 f5 18. Nd2 Bd7 19. f4 e4 20. Rf2 Qf6 21. Nb3
Rab8 22. Bf1 Rfe8 23. Qe3 Na4 24. Rc2 Nb6 25. Rcb2 Na4 26. Rc2 h6 27. Qd2 Rb6
28. Re1 Re7 29. Re3 Rb8 30. Na5 Rb1 31. Rb3 Rxb3 32. axb3 e3 33. Qd3 Nb6 34.
Re2 Qd4 35. Qc2 Qxf4 36. g3 Qd4 37. Qa2 f4 38. gxf4 Qxf4 39. Nc6 Rf7 40. Qa1+
Kh7 41. Nd8 Qg5+ 0-1

[Event "Grand Prix Leg #4"]
[Site "Calgary CAN"]
[Date "2019.04.23"]
[Round "1"]
[White "Haessel, Dale"]
[Black "Tolentino, Andre"]
[Result "1-0"]
[WhiteElo "2261"]
[BlackElo "1791"]
[PlyCount "48"]
[EventDate "2019.04.23"]
[EventType "swiss"]
[EventRounds "5"]
[EventCountry "CAN"]

1. d4 b6 2. c4 e6 3. a3 Bb7 4. d5 exd5 5. cxd5 Nf6 6. Nc3 Bd6 7. Nf3 h6 8. g3
O-O 9. Bg2 Na6 10. b4 c5 11. dxc6 dxc6 12. O-O Qe7 13. Bb2 Rad8 14. Qb3 Nc7 15.
Nd4 Ncd5 16. Nxd5 cxd5 17. Nf5 Qe6 18. Bh3 Kh8 19. Nxg7 Qxh3 20. Bxf6 d4 21. f3
Kg8 22. Rf2 h5 23. Qd3 Bc8 24. Qd2 h4 1-0

[Event "Grand Prix Leg #4"]
[Site "Calgary CAN"]
[Date "2019.04.30"]
[Round "2"]
[White "Srinivasan, Hemant"]
[Black "Haessel, Dale"]
[Result "0-1"]
[WhiteElo "1888"]
[BlackElo "2261"]
[PlyCount "68"]
[EventDate "2019.04.23"]
[EventType "swiss"]
[EventRounds "5"]
[EventCountry "CAN"]

1. d4 Nf6 2. c4 g6 3. Nc3 d5 4. cxd5 Nxd5 5. e4 Nxc3 6. bxc3 Bg7 7. Bc4 c5 8.
Ne2 O-O 9. Be3 Nc6 10. O-O Bg4 11. f3 Bd7 12. Rb1 Qc7 13. Bd3 Rfd8 14. Qc2 Na5
15. dxc5 e5 16. Rfd1 Be6 17. Qa4 Bf8 18. Rb5 Nc4 19. Bxc4 Rxd1+ 20. Qxd1 Bxc4
21. Rb2 Bxc5 22. Bxc5 Qxc5+ 23. Kh1 b6 24. Rd2 Kg7 25. Nc1 Qe3 26. a3 Qxc3 27.
Qc2 Qxc2 28. Rxc2 Rd8 29. h3 Rd1+ 30. Kh2 b5 31. a4 a6 32. Na2 Bb3 33. Rc6 Bxa2
34. Rxa6 b4 0-1

[Event "Grand Prix Leg #4"]
[Site "Calgary CAN"]
[Date "2019.05.07"]
[Round "3"]
[White "Chen, Helen"]
[Black "Vasic, Maxim"]
[Result "0-1"]
[WhiteElo "1395"]
[BlackElo "2133"]
[PlyCount "64"]
[EventDate "2019.04.23"]
[EventType "swiss"]
[EventRounds "5"]
[EventCountry "CAN"]

1. e4 e5 2. Nf3 Nc6 3. Bc4 Nf6 4. Ng5 Bc5 5. Nxf7 Bxf2+ 6. Kxf2 Nxe4+ 7. Kg1
Qh4 8. g3 Nxg3 9. Bb3 Rf8 10. Qe1 Qd4+ 11. Qf2 Nxh1 12. Qxd4 Nxd4 13. Kxh1 Nxb3
14. axb3 Rxf7 15. Kg2 b6 16. Nc3 Bb7+ 17. Kg1 O-O-O 18. d3 Rdf8 19. Be3 Rf6 20.
Ne2 Rg6+ 21. Ng3 h5 22. Rf1 Rff6 23. Rxf6 gxf6 24. Kf2 h4 25. Ne4 f5 26. Nd2 f4
27. Nc4 Rg2+ 28. Kf1 fxe3 29. Nxe3 Rxh2 30. Kg1 Re2 31. Nc4 h3 32. Kf1 Rxc2 0-1

[Event "Grand Prix Leg #4"]
[Site "Calgary CAN"]
[Date "2019.05.07"]
[Round "3"]
[White "Haessel, Dale"]
[Black "Chandra, Anand Rishi"]
[Result "1/2-1/2"]
[WhiteElo "2261"]
[BlackElo "2043"]
[PlyCount "76"]
[EventDate "2019.04.23"]
[EventType "swiss"]
[EventRounds "5"]
[EventCountry "CAN"]

1. d4 d5 2. c4 e6 3. Nc3 Nf6 4. cxd5 exd5 5. Bg5 Be7 6. e3 c6 7. Bd3 O-O 8. Qc2
Nbd7 9. Nge2 Re8 10. O-O Nf8 11. f3 g6 12. Rad1 Ne6 13. Bh4 b6 14. Kh1 Bb7 15.
Bf2 Rc8 16. e4 dxe4 17. fxe4 Ng4 18. Bg1 Bg5 19. d5 cxd5 20. exd5 Nc7 21. Qa4
Ne3 22. Bxe3 Bxe3 23. Qxa7 Ba8 24. d6 Qxd6 25. Bc4 Qc6 26. Bxf7+ Kh8 27. Bd5
Nxd5 28. Nxd5 Qc2 29. Nf6 Rc7 30. Nxe8 Bxg2+ 31. Kxg2 Qxe2+ 32. Kg3 Bf2+ 33.
Rxf2 Qe3+ 34. Kg2 Qe4+ 35. Kg3 Qe3+ 36. Kg2 Qe4+ 37. Kf1 Qh1+ 38. Ke2 Qe4+
1/2-1/2

[Event "Grand Prix Leg #4"]
[Site "Calgary CAN"]
[Date "2019.05.07"]
[Round "3"]
[White "Miller, Brian"]
[Black "Culp, Josh"]
[Result "1-0"]
[WhiteElo "1803"]
[BlackElo "1340"]
[PlyCount "39"]
[EventDate "2019.04.23"]
[EventType "swiss"]
[EventRounds "5"]
[EventCountry "CAN"]

1. d4 Nf6 2. Bf4 c6 3. c3 d5 4. Nf3 Bf5 5. e3 Nbd7 6. Bd3 Ne4 7. Nh4 e6 8. Nxf5
exf5 9. f3 g5 10. Bg3 Nxg3 11. hxg3 Qf6 12. Qc2 Bd6 13. f4 gxf4 14. gxf4 Qg7
15. Bxf5 Qg3+ 16. Qf2 Rg8 17. Qxg3 Rxg3 18. Kf2 Rg7 19. Rxh7 Kf8 20. Rxg7 1-0

[Event "Grand Prix Leg #4"]
[Site "Calgary CAN"]
[Date "2019.05.07"]
[Round "3"]
[White "Milne, Arthur"]
[Black "Chen, Andrew"]
[Result "0-1"]
[WhiteElo "1701"]
[BlackElo "1969"]
[PlyCount "62"]
[EventDate "2019.04.23"]
[EventType "swiss"]
[EventRounds "5"]
[EventCountry "CAN"]

1. b4 e5 2. a3 d5 3. Bb2 Bd6 4. d3 Bg4 5. Nd2 Nd7 6. Ngf3 Ngf6 7. e4 c6 8. Be2
O-O 9. O-O Qe7 10. c4 a5 11. c5 Bc7 12. Re1 Rfe8 13. h3 Bh5 14. Qc2 Bg6 15. Bf1
Qf8 16. g3 h6 17. Bg2 Ra6 18. Nb3 b6 19. Nfd2 a4 20. Nc1 bxc5 21. b5 cxb5 22.
exd5 Ba5 23. Na2 c4 24. Be4 Nxe4 25. dxe4 Nc5 26. Nc3 Nd3 27. Re2 Qc5 28. Nf3
f5 29. Nh4 Nxb2 30. Qxb2 Bxc3 31. Qxc3 fxe4 0-1

[Event "Grand Prix Leg #4"]
[Site "Calgary CAN"]
[Date "2019.05.14"]
[Round "4"]
[White "Vasic, Maxim"]
[Black "Haessel, Dale"]
[Result "0-1"]
[WhiteElo "2133"]
[BlackElo "2261"]
[PlyCount "46"]
[EventDate "2019.04.23"]
[EventType "swiss"]
[EventRounds "5"]
[EventCountry "CAN"]

1. d4 Nf6 2. c4 g6 3. Nf3 d5 4. cxd5 Nxd5 5. Bd2 Bg7 6. e4 Nb6 7. Be3 O-O 8. h3
e5 9. Nc3 exd4 10. Nxd4 Qe7 11. Qc2 Rd8 12. Rd1 Bd7 13. Nd5 Nxd5 14. exd5 c6
15. Qb3 cxd5 16. Be2 Nc6 17. Nxc6 Bxc6 18. h4 h6 19. h5 d4 20. Bc1 Bxg2 21. Rg1
Bd5 22. Qg3 Re8 23. Be3 g5 0-1

[Event "Grand Prix Leg #4"]
[Site "Calgary CAN"]
[Date "2019.05.21"]
[Round "5"]
[White "Haessel, Dale"]
[Black "Miller, Brian"]
[Result "1-0"]
[WhiteElo "2261"]
[BlackElo "1803"]
[PlyCount "63"]
[EventDate "2019.04.23"]
[EventType "swiss"]
[EventRounds "5"]
[EventCountry "CAN"]

1. d4 d5 2. c4 e6 3. Nc3 Nf6 4. cxd5 exd5 5. Bg5 Be7 6. e3 O-O 7. Bd3 c6 8.
Nge2 Nbd7 9. O-O Ne4 10. Bxe7 Qxe7 11. Qc2 Ndf6 12. Rae1 Bf5 13. Nf4 Bg6 14.
Nxg6 hxg6 15. f3 Nxc3 16. bxc3 Rfe8 17. e4 dxe4 18. fxe4 Qd7 19. Re2 Rad8 20.
Ref2 Re7 21. Rf3 b5 22. Rh3 b4 23. e5 bxc3 24. exf6 Qxd4+ 25. Qf2 Qxf2+ 26.
Rxf2 Re1+ 27. Bf1 Rc1 28. fxg7 Rdd1 29. Rhf3 c5 30. h4 Rd4 31. Rxf7 Rxh4 32.
Rxa7 1-0

[Event "Grand Tour Leg #1"]
[Site "Calgary CAN"]
[Date "2019.09.17"]
[Round "1"]
[White "Chandra, Anand"]
[Black "Li, Avery"]
[Result "1-0"]
[WhiteElo "2110"]
[BlackElo "1682"]
[PlyCount "53"]
[EventDate "2019.09.17"]
[EventType "swiss"]
[EventRounds "5"]
[EventCountry "CAN"]

1. e4 e6 2. d4 d5 3. Nd2 Nf6 4. e5 Nfd7 5. Bd3 c5 6. c3 Nc6 7. Ne2 Qb6 8. Nf3
Be7 9. O-O O-O 10. Re1 Re8 11. Ng3 h6 12. Bb1 f6 13. Bg6 Rf8 14. Nh5 fxe5 15.
Nxe5 Ndxe5 16. dxe5 Bd7 17. Qg4 Kh8 18. Be8 g5 19. Bxd7 Nd8 20. h4 Rg8 21. Nf6
Rg6 22. Qh5 Kg7 23. hxg5 Nf7 24. Ne8+ Kh7 25. gxh6 Nxh6 26. Bxh6 Rxh6 27. Qf7+
1-0

[Event "Grand Tour Leg #1"]
[Site "Calgary CAN"]
[Date "2019.09.17"]
[Round "1"]
[White "Corpuz, Darwin"]
[Black "Ali, Abdul Husain"]
[Result "1-0"]
[WhiteElo "1537"]
[BlackElo "1689"]
[PlyCount "98"]
[EventDate "2019.09.17"]
[EventType "swiss"]
[EventRounds "5"]
[EventCountry "CAN"]

1. e4 e5 2. Nf3 Nc6 3. c3 d6 4. Be2 Nf6 5. d4 Nxe4 6. d5 Nb8 7. Qa4+ Nd7 8.
Qxe4 Be7 9. c4 O-O 10. O-O f5 11. Qc2 g5 12. b4 g4 13. Ne1 Nf6 14. Nc3 h5 15.
f4 e4 16. Be3 h4 17. Qd1 Nh5 18. Nc2 a6 19. Nd4 Qe8 20. Ne6 Bxe6 21. dxe6 Bf6
22. Nd5 Rc8 23. Nxf6+ Nxf6 24. Rc1 Qxe6 25. a3 Rf7 26. c5 d5 27. Bd4 c6 28.
Bxf6 Qxf6 29. Bxg4 Rd8 30. Bh3 d4 31. Qh5 d3 32. Qg5+ Kh8 33. Qxf6+ Rxf6 34.
Kf2 Kg7 35. Ke3 Kg6 36. Rf2 Rf7 37. Rd2 Rfd7 38. Rc4 a5 39. bxa5 Ra8 40. Rxe4
fxe4 41. Bxd7 Rxa5 42. Kxe4 Rxa3 43. Rxd3 Ra2 44. Kf3 Rc2 45. Bc8 Rxc5 46. Bxb7
h3 47. gxh3 Rc2 48. Kg4 c5 49. Rf3 c4 1-0

[Event "Grand Tour Leg #1"]
[Site "Calgary CAN"]
[Date "2019.09.17"]
[Round "1"]
[White "Culp, Josh"]
[Black "Chen, Andrew"]
[Result "0-1"]
[WhiteElo "1306"]
[BlackElo "1885"]
[PlyCount "34"]
[EventDate "2019.09.17"]
[EventType "swiss"]
[EventRounds "5"]
[EventCountry "CAN"]

1. d4 Nf6 2. c4 e6 3. Nc3 Bb4 4. a3 Bxc3+ 5. bxc3 c5 6. Nf3 Nc6 7. e3 O-O 8.
Bd3 d5 9. O-O Na5 10. Ne5 Nd7 11. Nxd7 Bxd7 12. cxd5 exd5 13. Qh5 f5 14. f3 Qe7
15. f4 Nb3 16. Rb1 Nxc1 17. Rbxc1 Qxe3+ 0-1

[Event "Grand Tour Leg #1"]
[Site "Calgary CAN"]
[Date "2019.09.17"]
[Round "1"]
[White "Gallamaso, Bong"]
[Black "Yearwood, Roy"]
[Result "1-0"]
[WhiteElo "1944"]
[BlackElo "2092"]
[PlyCount "63"]
[EventDate "2019.09.17"]
[EventType "swiss"]
[EventRounds "5"]
[EventCountry "CAN"]

1. Nf3 d6 2. d4 Nf6 3. Nc3 c6 4. e4 Bg4 5. Be2 e6 6. O-O d5 7. Bg5 h6 8. Bxf6
gxf6 9. exd5 cxd5 10. Bb5+ Nc6 11. h3 Bf5 12. Re1 Rc8 13. Nh4 Bh7 14. Qh5 Bg7
15. Rxe6+ Kf8 16. Re2 Nxd4 17. Re8+ Qxe8 18. Bxe8 Rxe8 19. Qxd5 Nxc2 20. Qc5+
Kg8 21. Nd5 Be4 22. Rc1 Re5 23. Qc4 b5 24. Qc6 Nd4 25. Nxf6+ Bxf6 26. Qxf6 Ne2+
27. Kh2 Nxc1 28. Qxe5 Bh7 29. Nf5 Bxf5 30. Qxf5 Nxa2 31. Qxb5 Nc1 32. Qc6 1-0

[Event "Grand Tour Leg #1"]
[Site "Calgary CAN"]
[Date "2019.09.17"]
[Round "1"]
[White "Pathak, Pranav"]
[Black "Ebrahim Shirazi, Behrooz"]
[Result "0-1"]
[WhiteElo "1339"]
[BlackElo "2089"]
[PlyCount "59"]
[EventDate "2019.09.17"]
[EventType "swiss"]
[EventRounds "5"]
[EventCountry "CAN"]

1. e4 e6 2. d4 d5 3. exd5 exd5 4. Nf3 Nc6 5. Bb5 Bd6 6. h3 Nge7 7. Nc3 O-O 8.
O-O a6 9. Ba4 Bf5 10. Bb3 Bb4 11. Re1 Na5 12. a3 Nxb3 13. cxb3 Bd6 14. b4 c6
15. Be3 Re8 16. Qd2 Ng6 17. Kh1 Qd7 18. Ng1 f6 19. Na4 Bc7 20. Nc5 Qd6 21. g3
b6 22. Nb3 h5 23. h4 Be4+ 24. Kh2 Qd7 25. Rac1 Nxh4 26. f4 Nf3+ 27. Nxf3 Bxf3
28. Qc2 h4 29. gxh4 Rxe3 30. Rxe3 0-1

[Event "Grand Tour Leg #1"]
[Site "Calgary CAN"]
[Date "2019.09.17"]
[Round "1"]
[White "Srinivasan, Hemant"]
[Black "Young, Dennis"]
[Result "1-0"]
[WhiteElo "2048"]
[BlackElo "1339"]
[PlyCount "80"]
[EventDate "2019.09.17"]
[EventType "swiss"]
[EventRounds "5"]
[EventCountry "CAN"]

1. d4 Nf6 2. c4 e6 3. Nf3 d5 4. Nc3 Bb4 5. Bg5 h6 6. Bh4 O-O 7. e3 b6 8. Rc1
Nbd7 9. Nd2 Bb7 10. Be2 c6 11. O-O Qc8 12. Bf3 Re8 13. cxd5 exd5 14. Nxd5 Bxd2
15. Qxd2 Kh8 16. Nxf6 Nxf6 17. Bxf6 gxf6 18. e4 Kg7 19. Qf4 c5 20. b4 f5 21.
exf5 Bxf3 22. Qxf3 Qd8 23. dxc5 bxc5 24. Rxc5 Qe7 25. Qg4+ Kh7 26. Rc6 Qg5 27.
Qxg5 hxg5 28. f4 g4 29. b5 Re7 30. Rd1 Rae8 31. a4 Re1+ 32. Rxe1 Rxe1+ 33. Kf2
Re4 34. Ra6 Rxf4+ 35. Kg3 Rxf5 36. Kxg4 Rd5 37. Rxa7 Kg6 38. b6 Rd4+ 39. Kf3
Rd3+ 40. Ke4 Rd8 1-0

[Event "Grand Tour Leg #1"]
[Site "Calgary CAN"]
[Date "2019.09.17"]
[Round "1"]
[White "Wang, Samuel"]
[Black "Miller, Brian"]
[Result "0-1"]
[WhiteElo "1271"]
[BlackElo "1823"]
[PlyCount "43"]
[EventDate "2019.09.17"]
[EventType "swiss"]
[EventRounds "5"]
[EventCountry "CAN"]

1. e4 c5 2. f4 g6 3. Nf3 Bg7 4. Nc3 Nc6 5. d3 d6 6. Be3 Nf6 7. Qd2 Ng4 8. Nd5
Nxe3 9. Nxe3 Bxb2 10. Rb1 Bg7 11. Be2 O-O 12. O-O a6 13. Nd5 b5 14. a3 Bb7 15.
c4 e6 16. cxb5 exd5 17. bxc6 Bxc6 18. Rfc1 dxe4 19. dxe4 Bxe4 20. Rb2 Bxb2 21.
Qxb2 Qe7 22. Re1 0-1

[Event "Grand Tour Leg #1"]
[Site "Calgary CAN"]
[Date "2019.09.17"]
[Round "1"]
[White "Wensley, Tristan"]
[Black "Chen, Helen"]
[Result "0-1"]
[WhiteElo "1183"]
[BlackElo "1248"]
[PlyCount "84"]
[EventDate "2019.09.17"]
[EventType "swiss"]
[EventRounds "5"]
[EventCountry "CAN"]

1. e4 c5 2. Nc3 Nc6 3. Nf3 Nf6 4. Bb5 d6 5. d4 cxd4 6. Nxd4 Bd7 7. Nxc6 Bxc6 8.
Bxc6+ bxc6 9. Nd5 cxd5 10. exd5 Qa5+ 11. c3 Qxd5 12. Qa4+ Nd7 13. O-O e6 14.
Rd1 Qe5 15. Bf4 Qc5 16. Be3 Qc7 17. Rd4 d5 18. Bf4 Bd6 19. Bxd6 Qxd6 20. Rb4
O-O 21. Rh4 Nf6 22. Re1 Rfd8 23. Qd4 a6 24. g3 Re8 25. c4 Qb4 26. Re5 Qxc4 27.
Qe3 Qxa2 28. Qc3 Rec8 29. Qb4 Rab8 30. Qe7 Qxb2 31. Rg5 Qc1+ 32. Kg2 Qxg5 33.
Qd6 a5 34. Ra4 Qd2 35. Qa6 Ne4 36. Qa7 Ra8 37. Qb6 Rcb8 38. Qc7 Qxf2+ 39. Kh3
Qf1+ 40. Kh4 g5+ 41. Kg4 Qf5+ 42. Kh5 Qh3# 0-1

[Event "Grand Tour Leg #1"]
[Site "Calgary CAN"]
[Date "2019.09.24"]
[Round "2"]
[White "Chen, Andrew"]
[Black "Li, Avery"]
[Result "1-0"]
[WhiteElo "1885"]
[BlackElo "1681"]
[PlyCount "49"]
[EventDate "2019.09.17"]
[EventType "swiss"]
[EventRounds "5"]
[EventCountry "CAN"]

1. e4 e6 2. d4 d5 3. Nd2 Nf6 4. e5 Nfd7 5. f4 c5 6. c3 Nc6 7. Ndf3 Qb6 8. a3
Be7 9. b4 cxd4 10. cxd4 O-O 11. Be3 f6 12. Qd2 Rf7 13. Rb1 a6 14. Bd3 Nf8 15.
Ne2 Bd7 16. O-O Na7 17. g4 g6 18. Kh1 Nb5 19. Ra1 a5 20. f5 exf5 21. gxf5 gxf5
22. Rg1+ Kh8 23. Nf4 fxe5 24. Nxe5 Rf6 25. Qg2 1-0

[Event "Grand Tour Leg #1"]
[Site "Calgary CAN"]
[Date "2019.09.24"]
[Round "2"]
[White "Haessel, Dale"]
[Black "Moore, Pat"]
[Result "1-0"]
[WhiteElo "2234"]
[BlackElo "1799"]
[PlyCount "47"]
[EventDate "2019.09.17"]
[EventType "swiss"]
[EventRounds "5"]
[EventCountry "CAN"]

1. d4 Nf6 2. c4 d6 3. Nf3 g6 4. Nc3 Bg7 5. e4 c6 6. Be2 Nbd7 7. O-O e5 8. d5
Nc5 9. Qc2 a5 10. h3 O-O 11. Be3 Na6 12. a3 Ne8 13. Ne1 f5 14. f4 Qe7 15. fxe5
Bxe5 16. Nd3 Bg7 17. Rae1 fxe4 18. Rxf8+ Kxf8 19. Nf2 Nf6 20. Nfxe4 Nc7 21. Bg5
Bf5 22. Bg4 h6 23. Bf4 Qd8 24. Rf1 1-0

[Event "Grand Tour Leg #1"]
[Site "Calgary CAN"]
[Date "2019.09.24"]
[Round "2"]
[White "Nguyen, Kim"]
[Black "Chandra, Anand"]
[Result "1-0"]
[WhiteElo "2096"]
[BlackElo "2081"]
[PlyCount "79"]
[EventDate "2019.09.17"]
[EventType "swiss"]
[EventRounds "5"]
[EventCountry "CAN"]

1. e4 e5 2. Nf3 Nc6 3. Bb5 a6 4. Ba4 Nf6 5. O-O b5 6. Bb3 Be7 7. Re1 d6 8. c3
O-O 9. h3 Na5 10. Bc2 c5 11. d4 Qc7 12. Nbd2 cxd4 13. cxd4 Nc6 14. d5 Nb4 15.
Bb1 a5 16. a3 Na6 17. b4 axb4 18. axb4 Bd7 19. Qb3 Rfc8 20. Ra3 h6 21. Bd3 Qb7
22. Bb2 Nh5 23. Rb1 Nf4 24. Bf1 Bd8 25. Ne1 f5 26. g3 Ng6 27. exf5 Bxf5 28. Bd3
Bxd3 29. Nxd3 Ne7 30. Ne4 Nf5 31. g4 Rc4 32. Nd2 Nd4 33. Qd1 Qxd5 34. Nf4 exf4
35. Nxc4 Nf3+ 36. Qxf3 Qxf3 37. Rxf3 bxc4 38. Ra1 Nc7 39. Rxa8 Nxa8 40. Rxf4
1-0

[Event "Grand Tour Leg #1"]
[Site "Calgary CAN"]
[Date "2019.09.24"]
[Round "2"]
[White "Young, Dennis"]
[Black "Wensley, Tristan"]
[Result "1/2-1/2"]
[WhiteElo "1339"]
[BlackElo "1183"]
[PlyCount "34"]
[EventDate "2019.09.17"]
[EventType "swiss"]
[EventRounds "5"]
[EventCountry "CAN"]

1. d4 d5 2. Nc3 Nc6 3. Bf4 Bf5 4. a3 e6 5. e3 Bd6 6. Bxd6 Qxd6 7. Nge2 Nf6 8.
h3 O-O 9. Ng3 Bg6 10. Bd3 Bxd3 11. Qxd3 e5 12. dxe5 Qxe5 13. O-O-O d4 14. exd4
Qf4+ 15. Qe3 Qd6 16. Nf5 Qe6 17. Nh6+ Kh8 1/2-1/2

[Event "Grand Tour Leg #1"]
[Site "Calgary CAN"]
[Date "2019.10.08"]
[Round "4"]
[White "Haessel, Dale"]
[Black "Ebrahim Shirazi, Behrooz"]
[Result "1-0"]
[WhiteElo "2234"]
[BlackElo "2089"]
[PlyCount "73"]
[EventDate "2019.09.17"]
[EventType "swiss"]
[EventRounds "5"]
[EventCountry "CAN"]

1. d4 Nf6 2. c4 g6 3. Nc3 Bg7 4. e4 d6 5. Be2 O-O 6. Be3 Na6 7. g4 c5 8. g5 Ng4
9. Bxg4 Bxg4 10. f3 Bd7 11. Nge2 Qa5 12. h4 Rac8 13. d5 b5 14. cxb5 Bxb5 15.
Kf2 Bd7 16. h5 Rb8 17. Rb1 Nc7 18. Qg1 Nb5 19. hxg6 fxg6 20. Nxb5 Rxb5 21. Qh2
Kf7 22. Qxh7 Qxa2 23. Nf4 Rxb2+ 24. Rxb2 Qxb2+ 25. Kg3 Qe5 26. Qxg6+ Kg8 27.
Qh7+ Kf7 28. Qh5+ Kg8 29. Rh4 a5 30. Kg2 Rb8 31. Qh7+ Kf7 32. Qg6+ Kg8 33. Ne6
Bxe6 34. dxe6 Rb2+ 35. Bf2 Rxf2+ 36. Kxf2 Qd4+ 37. Kg2 1-0

[Event "Grand Tour Leg #1"]
[Site "Calgary CAN"]
[Date "2019.10.08"]
[Round "4"]
[White "Nguyen, Kim"]
[Black "Miller, Brian"]
[Result "1-0"]
[WhiteElo "2096"]
[BlackElo "1823"]
[PlyCount "89"]
[EventDate "2019.09.17"]
[EventType "swiss"]
[EventRounds "5"]
[EventCountry "CAN"]

1. e4 c5 2. b3 g6 3. Bb2 Nf6 4. e5 Nd5 5. Qf3 e6 6. Bc4 Nb6 7. Nc3 d5 8. exd6
Bg7 9. Bb5+ Kf8 10. O-O-O Qxd6 11. Kb1 a6 12. Ne4 Qe7 13. Bxg7+ Kxg7 14. Be2
N8d7 15. h4 h5 16. c4 Ne5 17. Qc3 f6 18. f3 a5 19. g4 Ned7 20. g5 e5 21. Bd3 f5
22. Ng3 Kh7 23. Nh3 a4 24. Rde1 axb3 25. axb3 Qd6 26. f4 e4 27. Bc2 Qd4 28. Ne2
Qg7 29. d3 exd3 30. Bxd3 Rd8 31. Qxg7+ Kxg7 32. Nc3 Nf8 33. Re7+ Kg8 34. Bc2
Ne6 35. Re1 Nd4 36. Rc7 Nd7 37. Nd5 b5 38. Re7 bxc4 39. bxc4 Rb8+ 40. Kc1 Nf3
41. Nf6+ Nxf6 42. gxf6 Ra8 43. Rg7+ Kh8 44. Rh7+ Kg8 45. Rcg7+ 1-0

[Event "Guelph Spring Pro-Am"]
[Site "Guelph CAN"]
[Date "2019.04.13"]
[Round "1.1"]
[White "Mendoza, Armand Jess"]
[Black "Migot, Tangi"]
[Result "0-1"]
[WhiteElo "2001"]
[BlackElo "2448"]
[PlyCount "136"]
[EventDate "2019.04.13"]
[EventType "swiss"]
[EventRounds "5"]
[EventCountry "CAN"]

1. e4 c5 2. Nf3 a6 3. d4 cxd4 4. Nxd4 Nf6 5. Nc3 e5 6. Nf3 Qc7 7. a3 h6 8. Bd3
Bc5 9. Qe2 d6 10. Be3 Bxe3 11. Qxe3 Be6 12. h3 Nbd7 13. Rd1 O-O 14. g4 d5 15.
exd5 Nxd5 16. Nxd5 Bxd5 17. Bf5 Nb6 18. b3 Rfe8 19. Be4 Bxe4 20. Qxe4 Qc3+ 21.
Kf1 Re7 22. Kg2 Rae8 23. Rhe1 Qc5 24. a4 Qc7 25. Rd2 Nd7 26. g5 hxg5 27. Nxg5
g6 28. Qh4 Nf6 29. Qh6 e4 30. Re3 Re5 31. Rg3 e3 32. Re2 Qc6+ 33. f3 Rd8 34.
Kh2 Rd2 35. Rgg2 Qxc2 36. Ne4 Nxe4 37. Qxe3 Rxe2 38. Rxe2 Ng3 39. Rxc2 Nf1+ 40.
Kg1 Nxe3 41. Rc7 b6 42. Rb7 Re6 43. Kf2 Nf5 44. b4 Nd4 45. a5 bxa5 46. bxa5 Nc6
47. Kg3 Nxa5 48. Ra7 Rb6 49. Kg4 Nb3 50. h4 a5 51. f4 Rb5 52. Ra8+ Kg7 53. Ra7
Nd4 54. Ra8 Rf5 55. Ra7 Ne6 56. h5 Rxh5 57. Ra6 Rf5 58. Kg3 Nxf4 59. Kg4 Nd3
60. Ra7 Rb5 61. Ra8 Rb4+ 62. Kf3 a4 63. Ra7 Nc5 64. Ke2 Rb2+ 65. Kd1 Rh2 66.
Kc1 g5 67. Rc7 a3 68. Kd1 a2 0-1

[Event "Guelph Spring Pro-Am"]
[Site "Guelph CAN"]
[Date "2019.04.13"]
[Round "1.2"]
[White "Nicholson, Matthew"]
[Black "Loadman, Ian"]
[Result "1-0"]
[WhiteElo "2282"]
[BlackElo "2095"]
[PlyCount "43"]
[EventDate "2019.04.13"]
[EventType "swiss"]
[EventRounds "5"]
[EventCountry "CAN"]

1. c4 e5 2. d3 Nf6 3. Nf3 Nc6 4. a3 d5 5. cxd5 Nxd5 6. e4 Nb6 7. Be3 Be7 8.
Nbd2 O-O 9. Rc1 Bf6 10. b4 Be6 11. Nb3 Bxb3 12. Qxb3 a6 13. Be2 Re8 14. O-O Nd7
15. a4 Nf8 16. b5 axb5 17. axb5 Nd4 18. Nxd4 exd4 19. Bd2 Ne6 20. f4 Be7 21.
Bh5 g6 22. f5 1-0

[Event "Guelph Spring Pro-Am"]
[Site "Guelph CAN"]
[Date "2019.04.13"]
[Round "1.3"]
[White "Xu, Eddie"]
[Black "Bailey, Doug"]
[Result "0-1"]
[WhiteElo "2056"]
[BlackElo "2251"]
[PlyCount "112"]
[EventDate "2019.04.13"]
[EventType "swiss"]
[EventRounds "5"]
[EventCountry "CAN"]

1. e4 c5 2. Nf3 a6 3. Nc3 Nc6 4. d4 cxd4 5. Nxd4 e5 6. Nf5 d6 7. g4 h5 8. g5
Be6 9. h4 Rc8 10. Be3 g6 11. Ng3 Nge7 12. Bg2 Bg7 13. O-O O-O 14. Qd2 Nd4 15.
Kh1 b5 16. a3 Qd7 17. f4 Bg4 18. Rf2 Rc4 19. Raf1 a5 20. b3 Rc7 21. Qd3 f5 22.
fxe5 dxe5 23. Bxd4 exd4 24. Nxb5 Rc5 25. a4 Qc8 26. Nd6 Qd7 27. Nc4 Nc6 28.
exf5 gxf5 29. Ne2 Nb4 30. Qd2 d3 31. Nf4 Rd8 32. c3 Nd5 33. b4 Nxf4 34. Rxf4
axb4 35. cxb4 Rc7 36. b5 Qe6 37. Rc1 Re7 38. a5 Qe2 39. Rf2 Rd4 40. b6 Rxc4 41.
Rxc4 Qxd2 42. Rxd2 Re1+ 43. Bf1 Be2 44. b7 Be5 45. Rc8+ Kg7 46. b8=Q Rxf1+ 47.
Kg2 Bxb8 48. Rxb8 f4 49. Rdb2 f3+ 50. Kg3 Ra1 51. R2b6 Rxa5 52. R8b7+ Kg8 53.
Rd6 Ra8 54. g6 Rc8 55. g7 Kh7 56. Rg6 Kxg6 0-1

[Event "Guelph Spring Pro-Am"]
[Site "Guelph CAN"]
[Date "2019.04.13"]
[Round "1.4"]
[White "Burrows, Zachary"]
[Black "Gooding, Gordon"]
[Result "1/2-1/2"]
[WhiteElo "2194"]
[BlackElo "2055"]
[PlyCount "89"]
[EventDate "2019.04.13"]
[EventType "swiss"]
[EventRounds "5"]
[EventCountry "CAN"]

1. e4 d5 2. exd5 Nf6 3. Nc3 Nxd5 4. Nxd5 Qxd5 5. Qf3 Qxf3 6. Nxf3 Nc6 7. Bb5
Bd7 8. O-O e6 9. c3 Bd6 10. d4 O-O 11. Ng5 a6 12. Bd3 h6 13. Ne4 Be7 14. Bf4
Rac8 15. Rad1 Rfd8 16. Rfe1 Be8 17. Nc5 Bxc5 18. dxc5 Kf8 19. Be4 Ke7 20. b4
Rxd1 21. Rxd1 Rd8 22. Rxd8 Kxd8 23. a3 Kc8 24. c4 Ne7 25. Bd3 Ba4 26. Kf1 f6
27. Bd2 Kd7 28. Ke2 e5 29. f4 Ke6 30. g4 Bc6 31. fxe5 f5 32. b5 Bh1 33. gxf5+
Nxf5 34. Bxf5+ Kxf5 35. Ke3 g5 36. Kd4 c6 37. a4 Bg2 38. Be1 h5 39. Bg3 Bf1 40.
Be1 Be2 41. Bd2 g4 42. Be1 Bd1 43. a5 Bc2 44. Bh4 Bb1 45. Be1 1/2-1/2